000 00790nam a2200217Ia 4500
005 20141028114325.0
008 140321s9999 xx 000 0 und d
020 _a9781935542810
050 _aLC 4019.15
_b.M176 2012
100 _aMclaughlin, Margaret J.
245 4 _aThe school leader's guide to special education /
_cMargaret J. Mclaughlin and Krisitin Ruedel.
260 _aIndiana :
_bSolution Tree Press,
_cc2012.
300 _a95 p. :
_c28 cm.
440 _a(Essentials for principals).
500 _aIncludes bibliographical references and index.
650 _aChildren with disabilities
_xEducation -- United States.
650 _aSchool principals
_xUnited States.
650 _aSpecial education
_xUnited States -- Administration.
942 _cBK
_2lcc
999 _c48639
_d48639